000 00524nam a2200193 a 4500
001 1775555653439
003 YourLibrary
005 20260407152612.0
008 260407s2008##################000#0#eng##
020 _a9780415390552
082 0 4 _a355.033047
_bTSY
100 1 _aTsypkin, Mikhail,
_eauthor.
245 1 0 _aRussia's Security and the War on Terror :
260 _bTaylor & Francis US,
_c2008.
300 _a175 pages
650 0 _aSocial Science.
942 _cENGLISH
040 _aYourLibrary
_beng
_cYourLibrary
999 _c618792
_d618792